Score 0/20 Timer 04:00
3 Plays Today
Mixed Word Answer % Correct
OLCDCold
99.2%
OBOKBook
98%
ADEHHead
96.7%
OSWHShow
94.5%
RAISTStair
85.9%
ATSKBEBasket
84.9%
SGALSGlass
84%
OILPWLPillow
81.2%
IBFREBrief
61.5%
SWORTWorst
55.2%
Mixed Word Answer % Correct
RPUPEUpper
49.9%
Common BondCase
49.9%
LAPYDISDisplay
33.3%
CELDOSClosed
29.7%
OENKNeko
21.4%
NEWRESTWestern
19.5%
PTHRYOTrophy
18.8%
SLIPAECSpecial
12%
LHEOSPSEHopeless
5.2%
TEISVENSISensitive
4.5%

You're not logged in!

Compare scores with friends on all Sporcle quizzes.
OR
Log In

Sporcle TV

Today on Sporcle TV


Watch our educational content, quiz creation guides, and fun videos on Sporcle TV.

Show Comments

Extras

Top Quizzes Today


Score Distribution

Paid Content

Your Account Isn't Verified!

In order to create a playlist on Sporcle, you need to verify the email address you used during registration. Go to your Sporcle Settings to finish the process.

Report this User

Report this user for behavior that violates our Community Guidelines.

Details: